000 00506nam a2200181Ia 4500
999 _c10789
_d10789
003 OSt
005 20191224141502.0
008 190216s9999||||xx |||||||||||||| ||und||
020 _a9780333993514
040 _coclc
082 _a339
_bPEN/M
100 _aPentecost, Eric
_9742
245 0 _aMacroeconomics An Open Economy /
_c Eric Pentecost
260 _bMacmillan Press,
_aLondon:
_c2000.
300 _a414p
650 _aEconomics
942 _cBK
_2ddc
_h339
_iPEN/M
_k339
_mPEN/M